Aktuelle Fragen der Wissenschaftsentwicklung und Anwendungen der Informatik in der Wissenschaftsökonomie

Salvato in:
Dettagli Bibliografici
Natura: Libro
Lingua:tedesco
Pubblicazione: Berlin Hochschule für Ökonomie "Bruno Leuschner" 1989
Edizione:1. Aufl.
Tags: Aggiungi Tag
Nessun Tag, puoi essere il primo ad aggiungerne!!

MARC

LEADER 00000nam a2200000 4500
001 c040005
005 20221215124114.2
041 0 |a ger 
044 |a DE 
245 1 0 |a Aktuelle Fragen der Wissenschaftsentwicklung und Anwendungen der Informatik in der Wissenschaftsökonomie 
250 |a 1. Aufl. 
264 1 |a Berlin  |b Hochschule für Ökonomie "Bruno Leuschner"  |c 1989 
300 |a 107 s.